000 00458nam a2200169Ia 4500
008 240729s9999 xx 000 0 und d
022 _a2069-606X
245 0 _aRomanian Medical Journal
260 _aRomania
260 _bAmaltea Medical Publishing House
650 _a Medicine (General) | Medicine
650 _a Surgery
650 _aMedicine
856 _uhttps://doaj.org/toc/92a61e62db41484d8e28fc6d7acea249
942 _2ddc
942 _cDOAJEJ
999 _c67080
_d67080
945 _a1
_bMadushi Gamage
_c1
_dMadushi Gamage